[Event "38th WCh U20 Girls"]
[Site "Cala Gonone ITA"]
[Date "2022.10.13"]
[Round "2.23"]
[White "Bucur, Denisa-Andreea"]
[Black "Femil, Chelladurai"]
[Result "1-0"]
[WhiteElo "1946"]
[BlackElo "1562"]
[EventDate "2022.10.12"]
[PlyCount "85"]

1.d4 d5 2.c4 e6 3.Nc3 Nf6 4.Nf3 Be7 5.Bf4 c6 6.e3 Nbd7 7.Qc2 O-O 8.cxd5 
exd5 9.Bd3 b5 10.O-O Bb7 11.Ne5 h6 12.h3 Nxe5 13.dxe5 Nd7 14.Ne2 Re8 15.
Nd4 Bc5 16.Bf5 Bxd4 17.exd4 Nf8 18.Be3 Qe7 19.f4 g6 20.Bd3 f5 21.Rf3 Kh8 
22.Kh2 h5 23.Rg1 Qh7 24.Qf2 Ne6 25.Qh4 Qe7 26.Qe1 Qh7 27.Rh1 a6 28.b4 Bc8 
29.Qc3 Bd7 30.Bf2 g5 31.fxg5 Nxg5 32.Rf4 Rg8 33.Bh4 Qg6 34.g3 Raf8 35.Rhf1
Ne4 36.Bxe4 dxe4 37.e6 Be8 38.e7 Rf7 39.Qc5 Bd7 40.Qe5+ Qg7 41.Qd6 Bc8 42.
Qxc6 Rxe7 43.Bf6 1-0

[Event "38th WCh U20 Girls"]
[Site "Cala Gonone ITA"]
[Date "2022.10.13"]
[Round "2.24"]
[White "Popovic, Mateja"]
[Black "Norlamo, Sarabella"]
[Result "1-0"]
[WhiteElo "1718"]
[BlackElo "1946"]
[EventDate "2022.10.12"]
[PlyCount "91"]

1.d4 Nf6 2.c4 e6 3.Nf3 b6 4.g3 Bb7 5.Bg2 Be7 6.Nc3 Ne4 7.Bd2 d5 8.O-O O-O 
9.cxd5 exd5 10.Rc1 Nd7 11.Bf4 Nxc3 12.Rxc3 c6 13.Bh3 Bf6 14.Rc2 Re8 15.Qd3
Qe7 16.Qf5 Nf8 17.Be5 Bxe5 18.Nxe5 c5 19.e3 cxd4 20.exd4 Ne6 21.Nf3 Qb4 
22.Qd3 a5 23.Bxe6 Rxe6 24.a3 Qe7 25.Rfc1 Ba6 26.Qf5 Rd8 27.Ne5 Qf6 28.Qg4 
Bb5 29.Rc7 Re7 30.Rc8 Ree8 31.R8c7 Re7 32.Rc8 Rxc8 33.Qxc8+ Re8 34.Qb7 Qe6
35.Rc7 Rf8 36.Re7 Qf6 37.Rc7 Qe6 38.Re7 Qf6 39.Rc7 Qe6 40.b3 Qh3 41.Rc1 
Qe6 42.a4 Be2 43.Qd7 Qh6 44.Rc8 Qf6 45.Qe8 Qd6 46.Qxf7+ 1-0

[Event "38th WCh U20 Girls"]
[Site "Cala Gonone ITA"]
[Date "2022.10.13"]
[Round "2.25"]
[White "Gabbani, Sara"]
[Black "Velikova, Gabriela"]
[Result "1/2-1/2"]
[WhiteElo "1944"]
[BlackElo "1500"]
[EventDate "2022.10.12"]
[PlyCount "82"]

1.e4 e5 2.Nf3 Nc6 3.Bc4 Bc5 4.b4 Bxb4 5.c3 Ba5 6.d4 Qe7 7.O-O h6 8.Ba3 Qf6
9.Qb3 exd4 10.e5 Qf4 11.cxd4 Nge7 12.Nc3 b5 13.Nxb5 a6 14.Bc1 Qf5 15.Na3 
Rb8 16.Qe3 O-O 17.Bd3 Qe6 18.Qe4 f5 19.Qe2 Qg6 20.Nc4 Bc3 21.Bb2 Bxb2 22.
Nxb2 Kh8 23.Rab1 Nd5 24.Qd2 Bb7 25.Bc4 Nb6 26.d5 Ne7 27.Rfc1 Nxc4 28.Nxc4 
Bxd5 29.Rxb8 Rxb8 30.Ne1 Qe6 31.Ne3 Qxe5 32.Nxd5 Qxd5 33.Qe2 Qd6 34.Nf3 c6
35.Re1 Nd5 36.Ne5 Rf8 37.Qxa6 Nb4 38.Qc4 Nd5 39.Qe2 Nf4 40.Qc4 Qd2 41.Nf3 
Qd6 1/2-1/2

[Event "38th WCh U20 Girls"]
[Site "Cala Gonone ITA"]
[Date "2022.10.13"]
[Round "2.26"]
[White "Badenhorst, Chloe"]
[Black "Dejanovic, Tereza"]
[Result "1-0"]
[WhiteElo "1687"]
[BlackElo "1943"]
[EventDate "2022.10.12"]
[PlyCount "115"]

1.e4 c5 2.Nf3 d6 3.c3 Nf6 4.h3 Nc6 5.Bd3 g6 6.Bc2 Bg7 7.d4 cxd4 8.cxd4 O-O
9.Nc3 a6 10.O-O Qc7 11.Be3 e6 12.Rc1 d5 13.e5 Nd7 14.Re1 b5 15.Bb1 Nb6 16.
b3 Bd7 17.Bd2 Qa7 18.Ne2 Nc8 19.Rc2 N8e7 20.Bc3 Rac8 21.Nf4 Bh6 22.Nd3 Rc7
23.Nc5 b4 24.Bb2 Nd8 25.Bc1 Bg7 26.Nh2 Kh8 27.Bg5 Bb5 28.Qd2 Ndc6 29.Rcc1 
Ng8 30.Ng4 Rfc8 31.Be3 a5 32.h4 Nce7 33.h5 gxh5 34.Nh6 Nxh6 35.Bxh6 Rg8 
36.Qg5 Qb8 37.Qxh5 Bxh6 38.Qxh6 Rg7 39.Re3 Ng6 40.Rg3 Qg8 41.Qg5 Rc8 42.
Qf6 Nf8 43.Re1 Ng6 44.Bxg6 Rxc5 45.dxc5 fxg6 46.Ree3 Qc8 47.Rh3 Kg8 48.
Ref3 Qe8 49.Qf4 Rc7 50.Qd4 Qe7 51.Rf6 Rxc5 52.Qg4 Bd7 53.Qh4 Qg7 54.Rhf3 
Rc1+ 55.Kh2 Rc8 56.Rf7 Qxe5+ 57.g3 h5 58.Qe7 1-0

[Event "38th WCh U20 Girls"]
[Site "Cala Gonone ITA"]
[Date "2022.10.13"]
[Round "2.27"]
[White "Pipia, Ekaterine"]
[Black "Andhin, Chethanah"]
[Result "1-0"]
[WhiteElo "1926"]
[BlackElo "1493"]
[EventDate "2022.10.12"]
[PlyCount "57"]

1.d4 d5 2.c4 c6 3.cxd5 cxd5 4.Bf4 Nf6 5.e3 Bf5 6.Nc3 e6 7.Nf3 Qb6 8.Bxb8 
Rxb8 9.Bb5+ Ke7 10.O-O Ne4 11.Qe2 Nd6 12.Bd3 Bxd3 13.Qxd3 g6 14.e4 dxe4 
15.Nxe4 Nxe4 16.Qxe4 Bg7 17.d5 Rbe8 18.dxe6 fxe6 19.Rfe1 Bf6 20.Rac1 Kf7 
21.Qf4 Kg7 22.Ne5 Re7 23.Ng4 Rf8 24.Qh6+ Kg8 25.Nxf6+ Kf7 26.Nxh7 Rg8 27.
Ng5+ Kf6 28.Rc3 Ree8 29.Rf3+ 1-0

[Event "38th WCh U20 Girls"]
[Site "Cala Gonone ITA"]
[Date "2022.10.13"]
[Round "2.28"]
[White "Oliveira, Beatriz Correia"]
[Black "Skaslien, Ingrid"]
[Result "0-1"]
[WhiteElo "1538"]
[BlackElo "1909"]
[EventDate "2022.10.12"]
[PlyCount "112"]

1.d4 e6 2.c4 b6 3.Nf3 Nf6 4.Nc3 Bb7 5.Bf4 Be7 6.e3 O-O 7.Be2 d5 8.cxd5 
exd5 9.h3 a6 10.O-O Nbd7 11.Qb3 Re8 12.Rac1 Rc8 13.a3 c5 14.dxc5 Nxc5 15.
Qd1 Nce4 16.Nxe4 Nxe4 17.Nd4 Bd6 18.Bxd6 Qxd6 19.Bg4 Rc4 20.Nf5 Qc7 21.b3 
Rc5 22.Qd4 Nf6 23.Nh6+ Kf8 24.Rxc5 bxc5 25.Qb2 Nxg4 26.Nxg4 h5 27.Nh2 Qd6 
28.Rd1 Qg6 29.Qb1 Qxb1 30.Rxb1 d4 31.Nf1 Be4 32.Rc1 Re5 33.h4 Bd3 34.exd4 
cxd4 35.Nd2 Be2 36.f3 Re3 37.Kf2 Rc3 38.Rb1 Bd3 39.Rb2 Bc2 40.Ke2 Ke7 41.
a4 Ke6 42.a5 Kf5 43.b4 f6 44.Kf2 Bd3 45.Nb3 Ke5 46.Nc5 Bb5 47.Ne4 Rc1 48.
Nd2 g5 49.Kg3 d3 50.hxg5 fxg5 51.Kf2 Rc2 52.Rxc2 dxc2 53.Nb3 Bc4 54.Nc1 
Kd4 55.g3 Kc3 56.Ke3 h4 0-1

[Event "38th WCh U20 Girls"]
[Site "Cala Gonone ITA"]
[Date "2022.10.13"]
[Round "2.29"]
[White "Sala, Giulia"]
[Black "Jacobsen, Shanne Hedegaard"]
[Result "1-0"]
[WhiteElo "1869"]
[BlackElo "1412"]
[EventDate "2022.10.12"]
[PlyCount "37"]

1.e4 c6 2.d4 d5 3.exd5 cxd5 4.Bd3 Nf6 5.c3 Nc6 6.Bf4 e6 7.Nf3 Bd6 8.Bxd6 
Qxd6 9.O-O O-O 10.Re1 Re8 11.Ne5 Nd7 12.Bxh7+ Kf8 13.Qh5 Ncxe5 14.dxe5 Qb6
15.b3 Nc5 16.Re3 Re7 17.Rf3 Qc7 18.b4 Ne4 19.Bxe4 1-0

[Event "38th WCh U20 Girls"]
[Site "Cala Gonone ITA"]
[Date "2022.10.13"]
[Round "2.30"]
[White "Daniilidi, Dimitra Lydia"]
[Black "Sebastian, Mhage Gerriahlou"]
[Result "1-0"]
[WhiteElo "1498"]
[BlackElo "1865"]
[EventDate "2022.10.12"]
[PlyCount "83"]

1.e4 c5 2.Nf3 a6 3.c3 d5 4.exd5 Qxd5 5.Na3 Nf6 6.Nc2 Nc6 7.d4 e6 8.Be2 Be7
9.O-O O-O 10.Be3 cxd4 11.Ncxd4 b5 12.Nxc6 Qxc6 13.Nd4 Qc7 14.Bf3 Bb7 15.a4
bxa4 16.Qxa4 Nd5 17.Bd2 Bd6 18.h3 Rfb8 19.Rfc1 Nb6 20.Qc2 Nc4 21.Bxb7 Rxb7
22.Rcb1 Rab8 23.b4 a5 24.Be1 g6 25.g3 Be5 26.Qe4 Rb6 27.Nf3 Bf6 28.Nd4 e5 
29.Nb3 axb4 30.cxb4 Nd6 31.Qf3 Kg7 32.Rc1 Qd7 33.Nc5 Qxh3 34.Ra7 Nb5 35.
Rd7 Nd4 36.Qe4 Rc8 37.Bc3 Rbc6 38.Bxd4 exd4 39.Qd5 Qf5 40.Qxf7+ Kh6 41.
Qxh7+ Kg5 42.Qh4# 1-0

[Event "38th WCh U20 Girls"]
[Site "Cala Gonone ITA"]
[Date "2022.10.13"]
[Round "2.31"]
[White "Silvera, Pilar"]
[Black "Middleton, Jody"]
[Result "0-1"]
[WhiteElo "1470"]
[BlackElo "1850"]
[EventDate "2022.10.12"]
[PlyCount "42"]

1.e4 e6 2.d3 d5 3.Nd2 c5 4.Ngf3 Nc6 5.g3 Qc7 6.Bg2 d4 7.c3 Nf6 8.O-O Be7 
9.Re1 e5 10.cxd4 cxd4 11.a3 Bd7 12.b4 b5 13.Nb3 a5 14.bxa5 Nxa5 15.Bd2 
Nxb3 16.Qxb3 O-O 17.Rec1 Qb8 18.Nxd4 exd4 19.e5 Be6 20.Qb2 Nd5 21.Qxd4 Ra4
0-1

[Event "38th WCh U20 Girls"]
[Site "Cala Gonone ITA"]
[Date "2022.10.13"]
[Round "2.32"]
[White "Shaw, Laurie Ann"]
[Black "Grozdanovic, Anastasia"]
[Result "1/2-1/2"]
[WhiteElo "1409"]
[BlackElo "1824"]
[EventDate "2022.10.12"]
[PlyCount "155"]

1.d4 d5 2.c4 e6 3.Nc3 Nf6 4.cxd5 exd5 5.Bg5 Be7 6.e3 O-O 7.Bd3 h6 8.Bh4 
Nbd7 9.Qc2 c5 10.Nf3 b6 11.O-O Bb7 12.Rfd1 c4 13.Bf5 a6 14.a4 Re8 15.Nd2 
Bc6 16.e4 Nxe4 17.Bxe7 Qxe7 18.Ncxe4 dxe4 19.Nxc4 b5 20.d5 Bxd5 21.Rxd5 
Nf6 22.Re5 Qc7 23.Rxe8+ Rxe8 24.Ne3 Qa5 25.g3 g6 26.Bh3 Nh7 27.b3 bxa4 28.
Rxa4 Qe1+ 29.Kg2 Ng5 30.Qd1 Qc3 31.Rc4 Qb2 32.Qc2 Qf6 33.Bg4 h5 34.Rc6 Qe5
35.Rc5 Qf6 36.Nd5 Qd6 37.Be2 Re5 38.Rc8+ Kg7 39.Nf4 e3 40.f3 h4 41.Qc3 Qf6
42.Rc6 Qf5 43.Rc5 h3+ 44.Kf1 f6 45.Rxe5 fxe5 46.Qxe3 exf4 47.Qxf4 Qa5 48.
Qd4+ Kf7 49.f4 Ne6 50.Bc4 Ke7 51.Qa7+ Nc7 52.Qd4 Ne6 53.Qe5 Qxe5 54.fxe5 
a5 55.Kf2 Nd4 56.Ke3 Nf5+ 57.Ke4 Nxg3+ 58.Kf4 Nf5 59.Kg5 Ne3 60.Bd3 Ke6 
61.Kf4 Ng2+ 62.Ke4 g5 63.Be2 Nf4 64.Bg4+ Ke7 65.Kf5 Nd3 66.Bxh3 Nc1 67.Bf1
Nxb3 68.Bc4 Nd2 69.Ba2 a4 70.h3 Nf3 71.Bd5 a3 72.Ba2 Ng1 73.Kg4 Kd7 74.
Kxg5 Nxh3+ 75.Kf6 Nf4 76.Kf7 Kd8 77.e6 Nxe6 78.Kxe6 1/2-1/2

[Event "38th WCh U20 Girls"]
[Site "Cala Gonone ITA"]
[Date "2022.10.13"]
[Round "2.33"]
[White "Gardiner, Noa Saxon"]
[Black "Georges, Lisa"]
[Result "0-1"]
[WhiteElo "1266"]
[BlackElo "1799"]
[EventDate "2022.10.12"]
[PlyCount "136"]

1.e4 c5 2.Nc3 Nc6 3.g3 g6 4.Bg2 Bg7 5.d3 d6 6.Nge2 e6 7.Be3 Nge7 8.Qd2 O-O
9.Bh6 Rb8 10.h4 Bxh6 11.Qxh6 f6 12.Qd2 b5 13.h5 g5 14.h6 Kh8 15.d4 b4 16.
Nd1 Ba6 17.c3 bxc3 18.bxc3 cxd4 19.cxd4 Qb6 20.d5 exd5 21.exd5 Nb4 22.Ne3 
Nd3+ 23.Kf1 Nf5 24.Kg1 Nxe3 25.fxe3 Qb2 26.Rd1 Ne5 27.Nd4 Qxd2 28.Rxd2 Ng4
29.Nb3 Nxe3 30.Bf3 Nf5 31.g4 Ne3 32.Kh2 Nf1+ 33.Rxf1 Bxf1 34.Na5 f5 35.Nc6
Rb7 36.gxf5 Rxf5 37.Bg4 Rf6 38.Nd8 Rxh6+ 39.Kg1 Rb1 40.Nf7+ Kg7 41.Nxh6 
Bc4+ 42.Kf2 Kxh6 43.Ke3 Rb5 44.Be6 Ra5 45.Kd4 Bxa2 46.Rd1 Ra4+ 47.Kc3 Rh4 
48.Rf1 Rf4 49.Ra1 Rf2 50.Kd4 Kg7 51.Rc1 Rf4+ 52.Ke3 Rc4 53.Ra1 Ra4 54.Bd7 
Ra6 55.Bc8 Ra3+ 56.Kd4 Ra4+ 57.Ke3 Bb3 58.Rg1 h6 59.Be6 Kf6 60.Rf1+ Rf4 
61.Ra1 Ke5 62.Rxa7 Bxd5 63.Bc8 Rc4 64.Bd7 h5 65.Be8 h4 66.Bh5 h3 67.Ra5 h2
68.Bf3 Rc3+ 0-1

[Event "38th WCh U20 Girls"]
[Site "Cala Gonone ITA"]
[Date "2022.10.13"]
[Round "3.1"]
[White "Kamalidenova, Meruert"]
[Black "Urh, Zala"]
[Result "1-0"]
[WhiteElo "2376"]
[BlackElo "2221"]
[EventDate "2022.10.12"]
[PlyCount "95"]

1.e4 e5 2.Nf3 Nc6 3.Bb5 a6 4.Ba4 Nf6 5.O-O Nxe4 6.d4 b5 7.Bb3 d5 8.dxe5 
Be6 9.Qe2 Nc5 10.Rd1 Nxb3 11.axb3 Be7 12.c4 b4 13.Nbd2 Qc8 14.Nf1 dxc4 15.
bxc4 O-O 16.Qe4 Nd8 17.Ng3 Nb7 18.Bg5 Nc5 19.Qe3 Qe8 20.Bxe7 Qxe7 21.Nd4 
Rfe8 22.f4 Nd7 23.b3 Bg4 24.Re1 c5 25.Ndf5 Bxf5 26.Nxf5 Qe6 27.Nd6 Red8 
28.Rad1 f6 29.f5 Qe7 30.e6 Ne5 31.Qxc5 g6 32.Rxe5 fxe5 33.Qxe5 Rf8 34.c5 
Rad8 35.Rf1 Rf6 36.Ne4 Rxf5 37.Rxf5 gxf5 38.Nf6+ Kf8 39.Nd7+ Kg8 40.c6 Rc8
41.c7 Rxc7 42.Qxc7 Qxe6 43.h3 f4 44.Qb8+ Kf7 45.Qxf4+ Ke7 46.Nc5 Qe1+ 47.
Kh2 Qc3 48.Nxa6 1-0

[Event "38th WCh U20 Girls"]
[Site "Cala Gonone ITA"]
[Date "2022.10.13"]
[Round "3.2"]
[White "Beydullayeva, Govhar"]
[Black "Kucharska, Honorata"]
[Result "1-0"]
[WhiteElo "2356"]
[BlackElo "2179"]
[EventDate "2022.10.12"]
[PlyCount "47"]

1.d4 d5 2.c4 e6 3.Nf3 Nf6 4.Nc3 Bb4 5.Bg5 h6 6.Bxf6 Qxf6 7.e3 O-O 8.Rc1 c6
9.a3 Bxc3+ 10.Rxc3 Nd7 11.Bd3 dxc4 12.Bxc4 e5 13.O-O Re8 14.Qc2 exd4 15.
Nxd4 Ne5 16.Ba2 Bd7 17.e4 Be6 18.Nxe6 fxe6 19.f4 Nf7 20.e5 Qd8 21.Qg6 Qd7 
22.Rg3 Nh8 23.Qxh6 Rad8 24.Bb1 1-0

[Event "38th WCh U20 Girls"]
[Site "Cala Gonone ITA"]
[Date "2022.10.13"]
[Round "3.3"]
[White "Schulze, Lara"]
[Black "Schneider, Jana"]
[Result "1/2-1/2"]
[WhiteElo "2266"]
[BlackElo "2331"]
[EventDate "2022.10.12"]
[PlyCount "60"]

1.e4 e5 2.Nf3 Nc6 3.Bc4 Nf6 4.d3 Bc5 5.c3 d6 6.Nbd2 a6 7.Bb3 Ba7 8.h3 h6 
9.Nf1 Be6 10.Ng3 Qd7 11.Bc2 O-O-O 12.d4 exd4 13.cxd4 d5 14.e5 Ne4 15.Be3 
f6 16.exf6 Nxf6 17.Qd2 Ne4 18.Nxe4 dxe4 19.Bxe4 Nxd4 20.Nxd4 Bxd4 21.O-O 
Bxe3 22.Qxe3 Kb8 23.Bf3 Bd5 24.Rfd1 Qf7 25.Bxd5 Rxd5 26.Rxd5 Qxd5 27.b3 
Rd8 28.Re1 Qd2 29.Qe2 Rd7 30.Kf1 Qxe2+ 1/2-1/2

[Event "38th WCh U20 Girls"]
[Site "Cala Gonone ITA"]
[Date "2022.10.13"]
[Round "3.4"]
[White "Ouellet, Maili-Jade"]
[Black "Priyanka, Nutakki"]
[Result "1/2-1/2"]
[WhiteElo "2177"]
[BlackElo "2326"]
[EventDate "2022.10.12"]
[PlyCount "88"]

1.d4 d5 2.c4 e6 3.Nc3 Nf6 4.cxd5 exd5 5.Bg5 Be7 6.e3 O-O 7.Bd3 h6 8.Bf4 c5
9.h3 Nc6 10.Nge2 c4 11.Bc2 a6 12.a4 Re8 13.O-O Be6 14.b3 cxb3 15.Bxb3 Rc8 
16.e4 Bb4 17.e5 Nh7 18.Na2 Ba5 19.Be3 Qd7 20.Nf4 Bb6 21.Bc2 Nf8 22.Rb1 
Bxd4 23.Bxd4 Nxd4 24.Qxd4 Rxc2 25.Nc3 Rc8 26.Ncxd5 R2c4 27.Qd3 Bxd5 28.
Nxd5 R8c5 29.Rfd1 Qe6 30.Rxb7 Ng6 31.Rb8+ Kh7 32.f4 Rc1 33.Rxc1 Rxc1+ 34.
Kh2 Rc5 35.Nc3 Qc4 36.Qxc4 Rxc4 37.Nd5 Nxf4 38.Rb4 Rxb4 39.Nxb4 a5 40.Nc6 
Nd3 41.Nxa5 Nc5 42.Kg3 Nxa4 43.Kf4 Nc5 44.Nc6 Kg6 1/2-1/2

[Event "38th WCh U20 Girls"]
[Site "Cala Gonone ITA"]
[Date "2022.10.13"]
[Round "3.5"]
[White "Goltseva, Ekaterina"]
[Black "Kanyamarala, Trisha"]
[Result "1-0"]
[WhiteElo "2300"]
[BlackElo "2174"]
[EventDate "2022.10.12"]
[PlyCount "113"]

1.d4 Nf6 2.c4 e6 3.Nc3 Bb4 4.Nf3 d5 5.g3 O-O 6.Bg2 dxc4 7.O-O c5 8.dxc5 
Bxc5 9.Qxd8 Rxd8 10.Ne5 Nbd7 11.Rd1 Re8 12.Nxc4 a6 13.Na4 Bf8 14.Nd6 Bxd6 
15.Rxd6 Rb8 16.Be3 Ne5 17.Nb6 Ng6 18.Nxc8 Rbxc8 19.Bxb7 Rb8 20.Bxa6 Rxb2 
21.a4 Nd5 22.Bd4 Rd2 23.Bb6 Rb2 24.Bd4 Rd2 25.Bc3 Rc2 26.Be1 Nge7 27.e4 
Nf6 28.Bd3 Rc7 29.f3 Nc8 30.Rd4 e5 31.Rc4 Rd7 32.Be2 Na7 33.Bf2 Ra8 34.
Rac1 h6 35.Rc7 Rxc7 36.Rxc7 Nc8 37.Bc5 Ne8 38.Rc6 g5 39.Bb5 Kg7 40.Ra6 
Rxa6 41.Bxa6 Ncd6 42.Bb5 Kf6 43.Bd7 Nb7 44.Bb4 Nc7 45.a5 h5 46.Bc8 Nd8 47.
a6 Nc6 48.Bc5 Nb5 49.Bd7 Nca7 50.Bxb5 Nxb5 51.Bb6 g4 52.fxg4 hxg4 53.a7 
Nxa7 54.Bxa7 Ke6 55.Kf2 f5 56.exf5+ Kxf5 57.Ke3 1-0

[Event "38th WCh U20 Girls"]
[Site "Cala Gonone ITA"]
[Date "2022.10.13"]
[Round "3.6"]
[White "Bashylina, Luisa"]
[Black "Hrebenshchykova, Yelyzaveta"]
[Result "0-1"]
[WhiteElo "2073"]
[BlackElo "2268"]
[EventDate "2022.10.12"]
[PlyCount "64"]

1.d4 Nf6 2.c4 g6 3.h4 c5 4.d5 d6 5.Nc3 Bg7 6.e4 h6 7.Be2 e6 8.Be3 exd5 9.
exd5 Nbd7 10.Qd2 Ne5 11.O-O-O h5 12.Bg5 Bf5 13.Nf3 Nxf3 14.Bxf3 O-O 15.g4 
hxg4 16.h5 Re8 17.h6 Bf8 18.Be2 Be7 19.h7+ Nxh7 20.Bxe7 Qxe7 21.Bd3 Bxd3 
22.Qxd3 Qg5+ 23.Kb1 Qf4 24.Nb5 Re7 25.Qc3 f6 26.Qd3 Kg7 27.Rdg1 Ng5 28.Rh4
Qxf2 29.Rhxg4 Re1+ 30.Rxe1 Qxe1+ 31.Kc2 Re8 32.Rg3 Re2+ 0-1

[Event "38th WCh U20 Girls"]
[Site "Cala Gonone ITA"]
[Date "2022.10.13"]
[Round "3.7"]
[White "Aubert, Estee"]
[Black "Salimova, Nurgyul"]
[Result "0-1"]
[WhiteElo "2019"]
[BlackElo "2415"]
[EventDate "2022.10.12"]
[PlyCount "64"]

1.d4 Nf6 2.Bf4 d5 3.e3 c5 4.c3 e6 5.Nd2 Bd6 6.Bg3 O-O 7.Ngf3 Qc7 8.Bd3 
Nbd7 9.Bxd6 Qxd6 10.e4 cxd4 11.cxd4 dxe4 12.Nxe4 Nxe4 13.Bxe4 Nf6 14.Bd3 
b6 15.O-O Bb7 16.Ne5 Rad8 17.Qe2 Qxd4 18.Rfd1 Qf4 19.Rac1 Qg5 20.f3 Nd5 
21.Qe4 g6 22.h4 Qf6 23.Rc4 Nc3 24.Qxb7 Nxd1 25.Nd7 Qxb2 26.Nxf8 Qf2+ 27.
Kh2 Ne3 28.f4 Qxh4+ 29.Kg1 Qe1+ 30.Kh2 Ng4+ 31.Kh3 Rxd3+ 32.Kxg4 Qg3# 0-1

[Event "38th WCh U20 Girls"]
[Site "Cala Gonone ITA"]
[Date "2022.10.13"]
[Round "3.8"]
[White "Malicka, Maria"]
[Black "Nurgali, Nazerke"]
[Result "1/2-1/2"]
[WhiteElo "2327"]
[BlackElo "2169"]
[EventDate "2022.10.12"]
[PlyCount "90"]

1.e4 c6 2.d4 g6 3.Nc3 Bg7 4.h4 h5 5.Nf3 d6 6.Ng5 Nf6 7.Bd3 Nbd7 8.Qe2 e5 
9.dxe5 Nxe5 10.Bf4 O-O 11.Bxe5 dxe5 12.O-O-O Qa5 13.Bc4 b5 14.Bb3 Qc7 15.
Qe3 Qe7 16.f3 a5 17.a4 b4 18.Nb1 Nh7 19.g3 Bh6 20.f4 Kg7 21.Nd2 Bg4 22.
Rde1 f6 23.Nxh7 Kxh7 24.Kb1 Rfd8 25.Nc4 Rd4 26.Qf2 Be6 27.Nd2 Bg4 28.Nf3 
Rd7 29.Nh2 Be6 30.f5 gxf5 31.Qf3 f4 32.Bxe6 Qxe6 33.Qxh5 Rg8 34.gxf4 b3 
35.cxb3 exf4 36.Nf3 Rg2 37.Ng5+ fxg5 38.hxg5 Rdd2 39.Qxh6+ Qxh6 40.Rxh6+ 
Kg7 41.Rxc6 Rxb2+ 42.Kc1 Ra2 43.Kb1 Rab2+ 44.Kc1 Ra2 45.Kb1 Rab2+ 1/2-1/2

[Event "38th WCh U20 Girls"]
[Site "Cala Gonone ITA"]
[Date "2022.10.13"]
[Round "3.9"]
[White "Gomez Barrera, Javiera Belen"]
[Black "Djidjeli, Sarah"]
[Result "1/2-1/2"]
[WhiteElo "2219"]
[BlackElo "2082"]
[EventDate "2022.10.12"]
[PlyCount "114"]

1.e4 c5 2.Nf3 Nc6 3.d4 cxd4 4.Nxd4 Nf6 5.Nc3 e5 6.Ndb5 d6 7.Bg5 a6 8.Na3 
b5 9.Nd5 Be7 10.Bxf6 Bxf6 11.c3 Ne7 12.Nxf6+ gxf6 13.Be2 d5 14.exd5 Qxd5 
15.Bf3 Qxd1+ 16.Rxd1 Ra7 17.O-O Be6 18.Rfe1 Rg8 19.Kh1 Nf5 20.Be4 h5 21.
Nc2 Ne7 22.Nb4 a5 23.Nc6 Nxc6 24.Bxc6+ Ke7 25.Bxb5 Bxa2 26.c4 Rc8 27.Rc1 
Rac7 28.Re3 Rc5 29.Rec3 Rd8 30.h4 Rd4 31.g3 Rd2 32.R3c2 Rxc2 33.Rxc2 Bb1 
34.Rc3 e4 35.Ra3 Bd3 36.b3 Bc2 37.Kg1 Kd6 38.Kf1 Ke5 39.Ke2 Kd4 40.Kd2 Bd3
41.Rxa5 Rf5 42.Ke1 Kc3 43.Ra7 Kxb3 44.Rxf7 Kc3 45.Ra7 e3 46.f4 Rc5 47.Re7 
e2 48.Re6 Rc8 49.Rxf6 Rg8 50.Ra6 Rxg3 51.Ra3+ Kd4 52.Kd2 e1=Q+ 53.Kxe1 
Re3+ 54.Kf2 Re2+ 55.Kf3 Re3+ 56.Kf2 Re2+ 57.Kf3 Re3+ 1/2-1/2

[Event "38th WCh U20 Girls"]
[Site "Cala Gonone ITA"]
[Date "2022.10.13"]
[Round "3.10"]
[White "Serikbay, Assel"]
[Black "Malikova, Marjona"]
[Result "1-0"]
[WhiteElo "2181"]
[BlackElo "1830"]
[EventDate "2022.10.12"]
[PlyCount "47"]

1.d4 Nf6 2.c4 e6 3.g3 d5 4.Nf3 Bb4+ 5.Bd2 Be7 6.Bg2 O-O 7.O-O c5 8.cxd5 
Nxd5 9.e4 Nf6 10.e5 Nd5 11.dxc5 Bxc5 12.Qc2 Be7 13.Nc3 Nb4 14.Qe4 Bd7 15.
Rfd1 Bc6 16.Qg4 Qd3 17.a3 N4a6 18.b4 Nd7 19.Be1 Qc2 20.Ra2 h5 21.Qxh5 Qb3 
22.Nd4 Qc4 23.Bf1 g6 24.Qh6 1-0

[Event "38th WCh U20 Girls"]
[Site "Cala Gonone ITA"]
[Date "2022.10.13"]
[Round "3.11"]
[White "Bucur, Denisa-Andreea"]
[Black "Rudzinska, Michalina"]
[Result "0-1"]
[WhiteElo "1946"]
[BlackElo "2259"]
[EventDate "2022.10.12"]
[PlyCount "88"]

1.d4 Nf6 2.Nf3 e6 3.c4 b6 4.Nc3 Bb7 5.a3 d5 6.cxd5 Nxd5 7.Bd2 Nd7 8.Qc2 c5
9.e4 Nxc3 10.Bxc3 cxd4 11.Nxd4 Be7 12.Bb5 a6 13.Bc6 Qc7 14.Bxb7 Qxb7 15.
O-O O-O 16.Qe2 Rac8 17.Kh1 Nc5 18.f3 Rfd8 19.Rad1 Bf6 20.e5 Be7 21.Be1 Rd5
22.Bf2 Rcd8 23.f4 Qd7 24.Qf3 Na4 25.b3 Nc5 26.b4 Na4 27.Rd2 Rc8 28.Rfd1 
Rc3 29.Rd3 Rxd3 30.Rxd3 g6 31.h3 Nb2 32.Rb3 Nc4 33.Rd3 b5 34.Qe4 a5 35.Be1
Nxa3 36.Rxa3 Rxd4 37.Qa8+ Kg7 38.Bc3 Rxf4 39.Rxa5 Qd3 40.Ra3 Rf1+ 41.Kh2 
Bg5 42.Be1 Bf4+ 43.g3 Qe2+ 44.Qg2 Qxe1 0-1

[Event "38th WCh U20 Girls"]
[Site "Cala Gonone ITA"]
[Date "2022.10.13"]
[Round "3.12"]
[White "Pipia, Ekaterine"]
[Black "Kurmangaliyeva, Liya"]
[Result "1/2-1/2"]
[WhiteElo "1926"]
[BlackElo "2199"]
[EventDate "2022.10.12"]
[PlyCount "60"]

1.d4 d5 2.c4 e6 3.Nf3 c6 4.cxd5 exd5 5.Nc3 Bd6 6.Bg5 Ne7 7.e3 h6 8.Bh4 Qb6
9.Qc2 Bf5 10.Bd3 Bxd3 11.Qxd3 O-O 12.O-O Ng6 13.Bg3 Bxg3 14.hxg3 Re8 15.a3
a5 16.Na4 Qc7 17.b4 axb4 18.axb4 Nd7 19.b5 Ra5 20.bxc6 bxc6 21.Nb2 Rea8 
22.Rxa5 Rxa5 23.Rc1 Qb6 24.Qc3 c5 25.dxc5 Rxc5 26.Qd2 Nge5 27.Nxe5 Nxe5 
28.Rxc5 Qxc5 29.Na4 Qa3 30.Qc3 Qxa4 1/2-1/2

[Event "38th WCh U20 Girls"]
[Site "Cala Gonone ITA"]
[Date "2022.10.13"]
[Round "3.13"]
[White "Gombocz, Zsofia"]
[Black "Sala, Giulia"]
[Result "1-0"]
[WhiteElo "2118"]
[BlackElo "1869"]
[EventDate "2022.10.12"]
[PlyCount "63"]

1.e4 e5 2.Nf3 Nc6 3.Bb5 a6 4.Ba4 b5 5.Bb3 Na5 6.O-O d6 7.d4 exd4 8.Re1 Be7
9.Nxd4 Nf6 10.Bd5 Nxd5 11.exd5 O-O 12.b4 c5 13.dxc6 Nc4 14.Nc3 Bf6 15.Nd5 
Bxd4 16.Qxd4 Be6 17.Bh6 Ne5 18.c7 Qd7 19.Nb6 Qxc7 20.Nxa8 Rxa8 21.f4 gxh6 
22.fxe5 dxe5 23.Rxe5 Qxc2 24.Re3 Bf5 25.Rae1 Qc6 26.Rg3+ Bg6 27.h4 h5 28.
Rc3 Qb7 29.Qf6 Qd5 30.Rc5 Qxa2 31.Rce5 Rf8 32.Re8 1-0

[Event "38th WCh U20 Girls"]
[Site "Cala Gonone ITA"]
[Date "2022.10.13"]
[Round "3.14"]
[White "Skaslien, Ingrid"]
[Black "Radikovic, Anamarija"]
[Result "0-1"]
[WhiteElo "1909"]
[BlackElo "2112"]
[EventDate "2022.10.12"]
[PlyCount "72"]

1.d4 d5 2.c4 dxc4 3.e4 e5 4.d5 Nf6 5.Qc2 c6 6.Bxc4 cxd5 7.exd5 Bd6 8.Nc3 
Nbd7 9.Nge2 Nb6 10.Bb3 Bg4 11.O-O Rc8 12.Qd3 h6 13.f3 Bh5 14.Be3 Bg6 15.
Ne4 O-O 16.N2c3 Nxe4 17.fxe4 Nd7 18.Bc2 a6 19.Rae1 Nb6 20.Kh1 Nc4 21.Bc1 
Bb4 22.Bd1 Qa5 23.Rf3 Nd6 24.Rg3 Bxc3 25.bxc3 Qxa2 26.h4 Qf2 27.Qe3 Nxe4 
28.Rxg6 Qxe3 29.Bxe3 fxg6 30.Kh2 Nxc3 31.Bg4 Rc4 32.Be6+ Kh7 33.d6 Rc6 34.
Rc1 Rxd6 35.Bc5 Rxe6 36.Bxf8 Nb5 0-1

[Event "38th WCh U20 Girls"]
[Site "Cala Gonone ITA"]
[Date "2022.10.13"]
[Round "3.15"]
[White "Aydin, Gulenay"]
[Black "Olde, Grete"]
[Result "1-0"]
[WhiteElo "2109"]
[BlackElo "1862"]
[EventDate "2022.10.12"]
[PlyCount "77"]

1.e4 e5 2.Nf3 Nc6 3.Nc3 Nf6 4.d4 exd4 5.Nxd4 Bb4 6.Nxc6 bxc6 7.Bd3 d5 8.
exd5 cxd5 9.O-O O-O 10.h3 c6 11.Qf3 Be6 12.Bg5 Be7 13.Rfe1 Rb8 14.b3 h6 
15.Bf4 Bd6 16.Ne2 c5 17.Rad1 Nh7 18.Bxh7+ Kxh7 19.Bxd6 Qxd6 20.Nf4 Rbd8 
21.c4 d4 22.Nxe6 fxe6 23.Qe4+ Kh8 24.Qxe6 Qf4 25.f3 Rf6 26.Qe5 Qxe5 27.
Rxe5 Rc8 28.Re7 Ra6 29.Rd2 Kg8 30.Rde2 Kf8 31.R7e5 Kf7 32.Re7+ Kf8 33.R7e4
Kf7 34.Kf2 Rcc6 35.g4 Ra3 36.Re7+ Kf6 37.R7e5 a5 38.h4 g6 39.g5+ 1-0

[Event "38th WCh U20 Girls"]
[Site "Cala Gonone ITA"]
[Date "2022.10.13"]
[Round "3.16"]
[White "Middleton, Jody"]
[Black "Jarocka, Liwia"]
[Result "0-1"]
[WhiteElo "1850"]
[BlackElo "2089"]
[EventDate "2022.10.12"]
[PlyCount "114"]

1.d4 d5 2.c4 c6 3.cxd5 cxd5 4.Bf4 Nc6 5.e3 Nf6 6.Nc3 a6 7.Be2 Bf5 8.g4 Bg6
9.h4 h5 10.g5 Ne4 11.Nxe4 Bxe4 12.Bf3 Bxf3 13.Nxf3 e6 14.O-O Bd6 15.Ne5 
Bxe5 16.Bxe5 Nxe5 17.dxe5 g6 18.e4 O-O 19.exd5 exd5 20.Qd4 Qd7 21.Rad1 
Rad8 22.Rd3 Qf5 23.Re1 Rfe8 24.Kg2 Qd7 25.Ree3 Re6 26.b3 a5 27.Rd2 Re7 28.
f3 Qe6 29.Rc2 b6 30.Rd2 Rc7 31.Re4 Re7 32.Re1 Rc7 33.Ree2 Rc5 34.Rc2 Rdc8 
35.Rcd2 Rb5 36.Qf4 Rb4 37.Rd4 Rxd4 38.Qxd4 Rc6 39.Qf4 Qe7 40.Rd2 Qd7 41.
Kg3 Rc1 42.Rxd5 Qxd5 43.Qxc1 Qxe5+ 44.Qf4 Qe1+ 45.Kh3 Qe2 46.Qb8+ Kh7 47.
Qxb6 Qxf3+ 48.Kh2 Qe2+ 49.Kg1 Qxa2 50.Qe3 Qb1+ 51.Kf2 Qf5+ 52.Ke1 Qg4 53.
Qf2 Qe6+ 54.Kd2 Qxb3 55.Qa7 a4 56.Qa8 a3 57.Qf8 a2 0-1

[Event "38th WCh U20 Girls"]
[Site "Cala Gonone ITA"]
[Date "2022.10.13"]
[Round "3.17"]
[White "Koubova, Anna Marie"]
[Black "Popovic, Mateja"]
[Result "1-0"]
[WhiteElo "2089"]
[BlackElo "1718"]
[EventDate "2022.10.12"]
[PlyCount "51"]

1.d4 d5 2.c4 e6 3.Nc3 Nf6 4.cxd5 exd5 5.Bg5 c6 6.Qc2 h6 7.Bh4 Be7 8.e3 O-O
9.Bd3 Re8 10.Nge2 Ne4 11.Bxe7 Qxe7 12.O-O Nd7 13.Rae1 Ndf6 14.f3 Nxc3 15.
Nxc3 Bd7 16.e4 Qb4 17.Qf2 Rad8 18.e5 Nh7 19.f4 f5 20.a3 Qf8 21.Qh4 Be6 22.
g4 g6 23.Re3 c5 24.Rg3 Kg7 25.Nb5 Rd7 26.Nd6 1-0